[Event "Világbajnokság"]
[Site "Mexico"]
[Date "2007.??.??"]
[Round "14"]
[White "Kramnyik, V."]
[Black "Aronjan, L."]
[Result "1-0"]
[WhiteElo "2769"]
[BlackElo "2750"]
[PlyCount "69"]
[EventDate "2007.??.??"]

1. d4 Nf6 2. c4 e6 3. Nf3 b6 4. g3 Ba6 5. b3 Bb4+ 6. Bd2 Be7 7. Bg2 c6 8. Bc3
d5 9. Ne5 Nfd7 10. Nxd7 Nxd7 11. Nd2 O-O 12. O-O Rc8 13. e4 dxe4 14. Nxe4 b5
15. Re1 bxc4 16. Bf1 Nb6 17. Rb1 $1 $146 {Kramnyik újítása. Aronjan az
amerikai Nakamura ellen világossal a 2005-ös Világ Kupán a 16. lépés után
remire adta a játszmát.} Nd5 (17... c5 18. dxc5 Bxc5 19. Qh5 Nd5 20. Qh4 $16) (
17... Rb8 18. bxc4 Nxc4 19. Rxb8 Qxb8 20. Nc5 Nb2 21. Bxb2 Bxf1 22. Ba3 Bh3 23.
Qh5 Bf5 24. Nd7 $16) 18. Ba1 Bb4 (18... Qa5 19. bxc4 Nb6 20. Qc2 $16) 19. Nc5
$1 Bxe1 20. Qxe1 cxb3 21. Nxa6 bxa2 22. Rb2 Nc7 (22... Re8 23. Rxa2 Re7) 23.
Rxa2 $16 Nxa6 (23... Nb5 $142) 24. Rxa6 Qd7 (24... c5 25. Qe5 $1 c4 (25... cxd4
26. Bxd4 f6 27. Qxe6+ Kh8 28. Be3 Re8 29. Qb3 $18) 26. d5 Qf6 27. Qxf6 gxf6 28.
Bxf6 exd5 (28... c3 29. Ra4 Rfe8 30. Rg4+ Kf8 31. Rg7 $18) 29. Bh3 $16) 25. Qc3
f6 26. Qc5 Rf7 {Aronjan újabb anyagi veszteség nélkül nem tudta lecserélni a
vezéreket.} (26... Qd5 27. Bc4 Qxc5 28. Bxe6+ Kh8 29. dxc5 {és sötétnek
kapitulálnia kell.}) 27. Bc3 Qb7 (27... Kh8 28. Bc4) (27... Qd5 28. Bc4 Qxc5
29. dxc5 Re7 30. Rxa7 Kf8 31. Ra6 $16) 28. Qc4 Qd7 29. Bg2 Kh8 30. Bxc6 Qb7 31.
Kg2 $1 $18 h6 (31... Re7 32. Bb4 Ree8 33. Bd6 Red8 34. Qa4 Qb1 35. Be7 Rg8 36.
Bc5) 32. d5 $1 Qb8 (32... exd5 33. Bxb7 Rxc4 34. Bxd5) 33. dxe6 Re7 34. Bb4
Rec7 35. e7 1-0